Get the Picture: Jetsons or Flintstones? Quiz Stats

 Plays Quiz Updated Apr 4, 2019

Score 0/18 Timer 02:00
1 Play Today
Question Answer Wrong Answers
Pebbles The Flintstones
97.4%
The Jetsons
0.8%
Fred The Flintstones
97.4%
The Jetsons
0.7%
Barney The Flintstones
97.3%
The Jetsons
0.9%
Bamm Bamm The Flintstones
97.3%
The Jetsons
1.1%
Wilma The Flintstones
97.1%
The Jetsons
1%
Dino The Flintstones
96.9%
The Jetsons
1.3%
Astro The Jetsons
96.6%
The Flintstones
1.7%
Orbitty The Jetsons
96.5%
The Flintstones
1.5%
Mr. Spacely The Jetsons
96.2%
The Flintstones
2%
Elroy The Jetsons
94.8%
The Flintstones
3.3%
Judy The Jetsons
94.4%
The Flintstones
3.8%
Betty The Flintstones
94.4%
The Jetsons
3.6%
George The Jetsons
93.7%
The Flintstones
4.4%
Jane The Jetsons
93%
The Flintstones
5.3%
Rosie The Jetsons
91.3%
The Flintstones
6.7%
Mr. Cogswell The Jetsons
83.3%
The Flintstones
14.8%
Mr. Slate The Flintstones
80.4%
The Jetsons
17.9%
Baby Puss The Flintstones
66.6%
The Jetsons
31.4%

Today's Daily Dose

Missing Word
Celine Dion

Word Ladder
Dr. Seuss Books

Quick Pick
Cities in India

Get the Picture
'A' Actresses

You're not logged in!

Compare scores with friends on all Sporcle quizzes.
OR
Log In

Sporcle TV

Today on Sporcle TV


Watch our educational content, quiz creation guides, and fun videos on Sporcle TV.

Show Comments

Extras

Top Quizzes Today


Score Distribution

Your Account Isn't Verified!

In order to create a playlist on Sporcle, you need to verify the email address you used during registration. Go to your Sporcle Settings to finish the process.

Report this User

Report this user for behavior that violates our Community Guidelines.

Details: